00242nam a2200109Ia 4500008004100000020001800041082001400059100002200073245001700095260001000112500001000122260604s9999 xx 000 0 und d a9789387340251 a808.3 SHR aShree Book Centre 0aJadui Bartan bSHREE aJadui